Losowe francuskie słowa #1 - Statystyki

Ogólne statystyki
  • Ten quiz został rozwiązany 1 395 razy
  • Średni wynik to 12 z 24
Statystyki odpowiedzi
Francuski Polski % Poprawnych
Oui Tak
91%
Chef Szef
88%
Fromage Ser
84%
Noir Czarny
69%
Adieu Pożegnanie
66%
Trois Trzy
66%
Eau Woda
66%
Avec Z
66%
Moi Ja
64%
Jour Dzień
61%
Nouveau Nowy
58%
Fleur Kwiat
57%
Pain Chleb
48%
Beaucoup Bardzo
47%
Vous Ty
40%
Mardi Wtorek
37%
Cœur Serce
34%
Escargot Ślimak
26%
Faux Fałsz
25%
Chaise Krzesło
24%
Gauche Lewo
24%
Nom Nazwa
18%
Ennui Nuda
14%
Haute Wysoko
14%
Nie znaleziono quizów pasujących do podanych kryteriów
Rozkład punktacji
Procent ludzi z każdym wynikiem
Percentyl według liczby udzielonych odpowiedzi
Twoja historia wyników
Nie rozwiązałeś tego quizu